[Event "Oberliga Bayern 0405"]
[Site "Bayern"]
[Date "2004.12.12"]
[Round "4.7"]
[White "Polzer, Hans"]
[Black "Schindler, Gernot"]
[Result "1-0"]
[WhiteElo "2078"]
[BlackElo "2046"]
[PlyCount "83"]
[EventDate "2004.10.24"]
[EventType "team-tourn"]
[EventRounds "9"]
[EventCountry "GER"]
[SourceTitle "EXT 2020"]
[Source "ChessBase"]
[SourceDate "2019.10.17"]
[SourceVersion "1"]
[SourceVersionDate "2019.10.17"]
[SourceQuality "1"]
[WhiteTeam "Koetzting"]
[BlackTeam "Kelheim SC"]
[WhiteTeamCountry "GER"]
[BlackTeamCountry "GER"]

1. d4 f5 2. Nf3 Nf6 3. e3 d6 4. Be2 g6 5. c4 Bg7 6. b4 0-0 7. 0-0 c5 8. bxc5 dxc5 9. Bb2 Na6 10. Qb3 e6 11. Rd1 Qe7 12. Nc3 b6 13. Na4 Bd7 14. Ne5 Qe8 15. Nxd7 Nxd7 16. Bf3 Rd8 17. Ba3 Rf7 18. Rac1 cxd4 19. exd4 Nc7 20. Bc6 Bf8 21. d5 Bxa3 22. Qxa3 Qf8 23. Qc3 Nc5 24. Nxc5 Qxc5 25. dxe6 Rxd1+ 26. Rxd1 Nxe6 27. Bd5 Qe7 28. Re1 Rf6 29. Qe3 Kf7 30. Qh6 Kg8 31. Qe3 Kf7 32. h3 Qd6 33. g4 f4 34. Qe4 h6 35. h4 g5 36. hxg5 hxg5 37. Qh7+ Kf8 38. Qh8+ Kf7 39. Qh7+ Kf8 40. Qxa7 Nd8 41. Qh7 Rg6 42. Qh8+ 1-0

[Event "GER-ch36 V3 email"]
[Site "GER email"]
[Date "2004.03.29"]
[Round "?"]
[White "Polzer, Hans"]
[Black "Bender, Klaus"]
[Result "1/2-1/2"]
[WhiteElo "2111"]
[BlackElo "2193"]
[PlyCount "44"]
[EventDate "2004.03.29"]
[EventType "tourn (corr)"]
[EventRounds "10"]
[EventCountry "GER"]
[SourceTitle "Corr 2008"]
[Source "ChessBase"]
[SourceDate "2008.06.24"]
[SourceVersion "1"]
[SourceVersionDate "2008.06.24"]
[SourceQuality "1"]

1. e4 d5 2. exd5 Qxd5 3. Nc3 Qa5 4. d4 c6 5. Bc4 Bf5 6. Nf3 Nf6 7. Bd2 e6 8. Qe2 Bb4 9. Ne5 Nbd7 10. Nxd7 Nxd7 11. a3 Nf6 12. 0-0 Bxc3 13. Bxc3 Qc7 14. b4 0-0 15. Bb2 Qf4 16. f3 Nd5 17. Rfe1 h6 18. Rad1 a5 19. c3 Rfc8 20. g3 Qg5 21. Kh1 Bg6 22. Bb3 axb4 1/2-1/2

[Event "Oberliga Bayern 0304"]
[Site "Bayern"]
[Date "2004.03.07"]
[Round "7.6"]
[White "Polzer, Hans"]
[Black "Koepke, Christian"]
[Result "0-1"]
[WhiteElo "2128"]
[BlackElo "2145"]
[PlyCount "52"]
[EventDate "2003.10.12"]
[EventType "team-tourn"]
[EventRounds "9"]
[EventCountry "GER"]
[SourceTitle "EXT 2006"]
[Source "ChessBase"]
[SourceDate "2005.11.24"]
[SourceVersion "1"]
[SourceVersionDate "2005.11.24"]
[SourceQuality "1"]
[WhiteTeam "Koetzting"]
[BlackTeam "Muenchen Tarrasch"]
[WhiteTeamCountry "GER"]
[BlackTeamCountry "GER"]

1. e4 c5 2. Nc3 Nc6 3. g3 g6 4. Bg2 Bg7 5. d3 d6 6. f4 e6 7. Nf3 Nge7 8. 0-0 0-0 9. Be3 Nd4 10. Bf2 Rb8 11. Nxd4 cxd4 12. Ne2 Qb6 13. Rb1 Bd7 14. c4 e5 15. b4 f5 16. Qb3 Kh8 17. fxe5 dxe5 18. Nc3 f4 19. gxf4 exf4 20. Rfe1 Be5 21. Nd5 Qe6 22. h3 f3 23. Bf1 Nc6 24. Kh1 g5 25. b5 Qh6 26. h4 g4 0-1

[Event "Landesliga Nord 0203"]
[Site "Bayern"]
[Date "2002.10.20"]
[Round "1.3"]
[White "Polzer, Hans"]
[Black "Krug, Stefan"]
[Result "1/2-1/2"]
[WhiteElo "2130"]
[BlackElo "2114"]
[PlyCount "122"]
[EventDate "2002.10.20"]
[EventType "team"]
[EventRounds "9"]
[EventCountry "GER"]
[SourceTitle "EXT 2004"]
[Source "ChessBase"]
[SourceDate "2003.11.25"]
[SourceVersion "1"]
[SourceVersionDate "2003.11.25"]
[SourceQuality "1"]
[WhiteTeam "Cham"]
[BlackTeam "Bamberg II"]
[WhiteTeamCountry "GER"]
[BlackTeamCountry "GER"]

1. d4 d5 2. Nf3 Nf6 3. e3 e6 4. Bd3 c5 5. c3 Nc6 6. Nbd2 Bd6 7. 0-0 0-0 8. dxc5 Bxc5 9. e4 Qc7 10. Qe2 Ng4 11. exd5 exd5 12. h3 Nge5 13. Nxe5 Qxe5 14. Nb3 Qxe2 15. Bxe2 Bb6 16. Bf3 Be6 17. Bf4 Rfd8 18. Rfd1 a5 19. Be3 Bxe3 20. fxe3 Ne5 21. Nd4 Nxf3+ 22. Nxf3 Kf8 23. Rd2 Ke7 24. Rad1 Rac8 25. Rd4 h6 26. R1d2 g5 27. Kf2 f6 28. Ra4 b6 29. Nd4 Bd7 30. Ra3 Rc4 31. Ne2 Be6 32. Rd4 Rxd4 33. Nxd4 Kd6 34. Rb3 Rb8 35. Ke2 Bd7 36. Ra3 Kc5 37. Kd3 Bb5+ 38. Nxb5 Kxb5 39. Kd4 Kc6 40. b4 axb4 41. cxb4 Re8 42. Rc3+ Kd6 43. b5 Re4+ 44. Kd3 Ra4 45. Rc6+ Ke5 46. Rxb6 Ra3+ 47. Ke2 Rxa2+ 48. Kf3 Ra3 49. Rb8 Kd6 50. b6 Rb3 51. b7 Kc7 52. Rf8 Kxb7 53. Rxf6 d4 54. Rxh6 Rxe3+ 55. Kf2 Kc7 56. Rh5 Re5 57. h4 d3 58. hxg5 d2 59. Rh1 Rd5 60. Rd1 Kd6 61. Ke2 Rxg5 1/2-1/2

[Event "GER-ch32 V03 email"]
[Site "GER email"]
[Date "2002.03.23"]
[Round "?"]
[White "Fay, Roland"]
[Black "Polzer, Hans"]
[Result "1-0"]
[WhiteElo "2252"]
[BlackElo "2192"]
[PlyCount "111"]
[EventDate "2001.??.??"]
[EventType "tourn (corr)"]
[EventRounds "10"]
[EventCountry "GER"]
[SourceTitle "Corr 2011"]
[Source "ChessBase"]
[SourceDate "2010.08.31"]
[SourceVersion "1"]
[SourceVersionDate "2010.08.31"]
[SourceQuality "1"]

1. d4 Nf6 2. Bg5 g6 3. Bxf6 exf6 4. e3 Bg7 5. g3 0-0 6. Bg2 d6 7. Ne2 f5 8. 0-0 Nd7 9. c4 Nf6 10. Nbc3 Re8 11. Qd3 c6 12. b4 a5 13. b5 Bd7 14. bxc6 bxc6 15. Na4 Ne4 16. Rab1 c5 17. Nb6 Rb8 18. Nxd7 Qxd7 19. Rxb8 Rxb8 20. Bxe4 fxe4 21. Qxe4 Qa4 22. Qd5 cxd4 23. Nxd4 Qxa2 24. Nc6 Re8 25. Qxd6 Qxc4 26. Nxa5 Qe6 27. Rd1 Qxd6 28. Rxd6 Bf8 29. Rd7 h5 30. Kg2 Kg7 31. Nc4 Kf6 32. f4 Rc8 33. Ne5 Be7 34. Kf3 Rc1 35. Rb7 Rf1+ 36. Ke2 Rc1 37. e4 Rc2+ 38. Kd3 Rc8 39. Nf3 Re8 40. e5+ Kg7 41. Ke4 Kf8 42. Nd4 Bc5 43. Ne2 Re7 44. Rb8+ Kg7 45. f5 gxf5+ 46. Kxf5 Be3 47. Nf4 Bxf4 48. gxf4 Re6 49. Rb3 Ra6 50. Rg3+ Kh6 51. h3 Rb6 52. Rd3 Rb4 53. h4 Kg7 54. Kg5 Re4 55. Rf3 Re1 56. Rg3 1-0

[Event "GER-ch32 V03 email"]
[Site "GER email"]
[Date "2002.03.23"]
[Round "?"]
[White "Kunzelmann, Fred"]
[Black "Polzer, Hans"]
[Result "1-0"]
[WhiteElo "2321"]
[BlackElo "2192"]
[PlyCount "121"]
[EventDate "2001.??.??"]
[EventType "tourn (corr)"]
[EventRounds "10"]
[EventCountry "GER"]
[SourceTitle "Corr 2011"]
[Source "ChessBase"]
[SourceDate "2010.08.31"]
[SourceVersion "1"]
[SourceVersionDate "2010.08.31"]
[SourceQuality "1"]

1. e4 c6 2. d4 d5 3. exd5 cxd5 4. c4 Nf6 5. Nc3 g6 6. Qb3 Bg7 7. cxd5 0-0 8. Be2 Na6 9. Bf3 Qb6 10. Qxb6 axb6 11. Nge2 Nb4 12. 0-0 Rd8 13. d6 Rxd6 14. Bf4 Rd7 15. Rad1 Nbd5 16. Be5 Rd8 17. Nxd5 Nxd5 18. Bxd5 Rxd5 19. Nc3 Rd8 20. Rfe1 Bxe5 21. Rxe5 Kf8 22. f3 Ra5 23. Kf2 h5 24. Re2 Bf5 25. d5 Rc5 26. Rd4 Rd6 27. Red2 g5 28. h4 f6 29. g4 hxg4 30. fxg4 Bh7 31. h5 f5 32. Kg3 f4+ 33. Kf2 Kf7 34. Rb4 Kf6 35. Re2 e5 36. dxe6 Ke7 37. h6 Rcc6 38. Rb5 Rxe6 39. Rxg5 Rxe2+ 40. Kxe2 Rxh6 41. Kf3 Bg6 42. Kxf4 Bf7 43. Rb5 Rf6+ 44. Ke5 Kd7 45. g5 Re6+ 46. Kf4 Rc6 47. a4 Bc4 48. Rb4 Bf7 49. Nb5 Rg6 50. Nd4 Kd8 51. Nf3 Rd6 52. Rd4 Kc7 53. Rxd6 Kxd6 54. Kf5 Ke7 55. Nd4 Be8 56. b3 Bf7 57. g6 Bg8 58. Kg5 Kf8 59. b4 Bc4 60. Kf6 Bg8 61. Nf5 1-0

[Event "GER-ch32 V03 email"]
[Site "GER email"]
[Date "2002.03.23"]
[Round "?"]
[White "Polzer, Hans"]
[Black "Laube, Bernd"]
[Result "1/2-1/2"]
[WhiteElo "2192"]
[BlackElo "2192"]
[PlyCount "108"]
[EventDate "2001.??.??"]
[EventType "tourn (corr)"]
[EventRounds "10"]
[EventCountry "GER"]
[SourceTitle "Corr 2011"]
[Source "ChessBase"]
[SourceDate "2010.08.31"]
[SourceVersion "1"]
[SourceVersionDate "2010.08.31"]
[SourceQuality "1"]

1. e4 e6 2. d4 d5 3. e5 c5 4. Nf3 cxd4 5. Bd3 Nc6 6. 0-0 Nge7 7. Bf4 Ng6 8. Bg3 Qb6 9. Nbd2 Bd7 10. Nb3 Rc8 11. h4 a5 12. h5 Nge7 13. a4 g6 14. Qd2 gxh5 15. Bh4 Bg7 16. Bxe7 Kxe7 17. Qg5+ Kf8 18. Qxh5 Be8 19. Qg5 h5 20. Rfe1 h4 21. Qf4 Nb4 22. Nbxd4 h3 23. Ng5 h2+ 24. Kh1 Kg8 25. Bb5 Nc6 26. Rad1 Rh6 27. Rd2 Qd8 28. Ndf3 Qe7 29. c3 Qc7 30. Rde2 f5 31. Nxh2 Ne7 32. Bxe8 Rxe8 33. Qd4 Nc6 34. Qc5 f4 35. Nh3 Rf8 36. Ng4 Rh5 37. f3 Kh8 38. Kg1 Rff5 39. Nhf2 Bf8 40. Qb5 Rh7 41. Nd3 Qe7 42. Nf6 Rh6 43. Qb6 Bg7 44. Ng4 Rh4 45. b4 axb4 46. cxb4 Bf8 47. b5 Nb4 48. Ndf2 Qc5 49. Qxc5 Bxc5 50. Rd2 b6 51. Kf1 Rh7 52. Nf6 Ra7 53. N2g4 Kg7 54. Ra1 Kg6 1/2-1/2

[Event "GER-ch32 V04 email"]
[Site "GER email"]
[Date "2002.??.??"]
[Round "?"]
[White "Polzer, Hans"]
[Black "Miethke, Ehrhard"]
[Result "1/2-1/2"]
[WhiteElo "2111"]
[BlackElo "2121"]
[PlyCount "67"]
[EventDate "2001.??.??"]
[EventType "tourn (corr)"]
[EventRounds "12"]
[EventCountry "GER"]
[SourceTitle "Corr 2011"]
[Source "ChessBase"]
[SourceDate "2010.08.31"]
[SourceVersion "1"]
[SourceVersionDate "2010.08.31"]
[SourceQuality "1"]

1. d4 Nf6 2. Nf3 e6 3. e3 d5 4. Bd3 c5 5. c3 Bd6 6. Nbd2 Nc6 7. 0-0 0-0 8. dxc5 Bxc5 9. e4 Qc7 10. Qe2 Bd6 11. Re1 Ng4 12. h3 Nge5 13. Nxe5 Nxe5 14. exd5 exd5 15. Nf3 Nxd3 16. Qxd3 Qc4 17. Rd1 Rd8 18. Be3 h6 19. Qc2 Qe4 20. Qxe4 dxe4 21. Nd2 Bf5 22. Nc4 Be7 23. Rxd8+ Rxd8 24. Bxa7 Be6 25. Na5 Ra8 26. Bb6 Ra6 27. Bc7 b5 28. b4 Bf6 29. a4 bxa4 30. Rxa4 Bxc3 31. b5 Ra8 32. Rxe4 Bxa5 33. Ra4 Bd7 34. Rxa5 1/2-1/2

[Event "GER-ch32 V04 email"]
[Site "GER email"]
[Date "2002.??.??"]
[Round "?"]
[White "Polzer, Hans"]
[Black "Ruemmele, Michael"]
[Result "0-1"]
[WhiteElo "2111"]
[BlackElo "2395"]
[PlyCount "126"]
[EventDate "2001.??.??"]
[EventType "tourn (corr)"]
[EventRounds "12"]
[EventCountry "GER"]
[SourceTitle "Corr 2011"]
[Source "ChessBase"]
[SourceDate "2010.08.31"]
[SourceVersion "1"]
[SourceVersionDate "2010.08.31"]
[SourceQuality "1"]

1. d4 Nf6 2. Nf3 e6 3. e3 b6 4. Nbd2 Bb7 5. Bd3 c5 6. c3 Nc6 7. a3 d5 8. 0-0 Be7 9. b4 0-0 10. Re1 Qc7 11. dxc5 bxc5 12. Bb2 c4 13. Bc2 Ne5 14. Nxe5 Qxe5 15. f4 Qc7 16. Nf3 Ne4 17. Nd4 Bf6 18. Qg4 Rad8 19. Rad1 Bc8 20. Qh5 e5 21. Bxe4 g6 22. Nb5 Qb6 23. Qe2 dxe4 24. fxe5 Bh4 25. Nd6 Bxe1 26. Qxe1 f6 27. Nxc4 Rxd1 28. Qxd1 Qb5 29. Na5 Qd3 30. Qxd3 exd3 31. Bc1 fxe5 32. e4 Bg4 33. Nb3 Bd1 34. Nd2 Rf6 35. c4 Kf7 36. Bb2 Ke6 37. Bc3 a6 38. h3 Rf8 39. c5 Rf4 40. g3 Rf8 41. h4 Ba4 42. Kg2 Bc6 43. Bb2 h5 44. Bc3 Bb7 45. a4 Bc6 46. a5 Rf6 47. Bb2 g5 48. hxg5 Rg6 49. Kf2 Rxg5 50. Bc3 Rg8 51. Kf3 Rg4 52. b5 Bxb5 53. Kf2 Bc6 54. Kf3 Bb7 55. Bb4 Kd7 56. Bc3 Kc6 57. Bxe5 Kxc5 58. Bf4 Kd4 59. Be3+ Kc3 60. Bh6 Bc8 61. Nf1 h4 62. gxh4 Rxh4 63. Bd2+ Kc2 0-1

[Event "Regionalliga NO 0102"]
[Site "Bayern"]
[Date "2001.11.25"]
[Round "3.4"]
[White "Polzer, Hans"]
[Black "Paerr, Manfred"]
[Result "1/2-1/2"]
[WhiteElo "2130"]
[BlackElo "2170"]
[PlyCount "63"]
[EventDate "2001.10.07"]
[EventType "team-tourn"]
[EventRounds "9"]
[EventCountry "GER"]
[SourceTitle "EXT 2003"]
[Source "ChessBase"]
[SourceDate "2002.11.25"]
[SourceVersion "1"]
[SourceVersionDate "2002.11.25"]
[SourceQuality "1"]
[WhiteTeam "Cham"]
[BlackTeam "Regensburg II"]
[WhiteTeamCountry "GER"]
[BlackTeamCountry "GER"]

1. e4 e5 2. Nf3 Nc6 3. d4 exd4 4. c3 d5 5. exd5 Qxd5 6. cxd4 Bg4 7. Nc3 Qd7 8. d5 Nce7 9. Bb5 c6 10. dxc6 Qxd1+ 11. Nxd1 Nxc6 12. Ne5 Bd7 13. Bxc6 bxc6 14. 0-0 Bd6 15. Nxd7 Kxd7 16. Be3 Nf6 17. Rc1 Ng4 18. h3 Nxe3 19. Nxe3 Rhe8 20. Rfd1 Kc7 21. Rc4 Re6 22. Rdc1 Be5 23. b4 Kb7 24. Rd1 Rc8 25. Rd3 g6 26. Kf1 Rc7 27. a4 a6 28. f4 Bg7 29. g4 h6 30. Kf2 Bf6 31. Kf3 Kb6 32. Nc2 1/2-1/2

[Event "Regionalliga NO 0001"]
[Site "Bayern"]
[Date "2001.01.14"]
[Round "4.4"]
[White "Wulfmeyer, Johannes"]
[Black "Polzer, Hans"]
[Result "1-0"]
[WhiteElo "2115"]
[BlackElo "2115"]
[PlyCount "83"]
[EventDate "2000.10.15"]
[EventType "team-tourn"]
[EventRounds "9"]
[EventCountry "GER"]
[SourceTitle "EXT 2020"]
[Source "ChessBase"]
[SourceDate "2019.10.17"]
[SourceVersion "1"]
[SourceVersionDate "2019.10.17"]
[SourceQuality "1"]
[WhiteTeam "Nuernberg Noris Tarrasch II"]
[BlackTeam "Cham"]
[WhiteTeamCountry "GER"]
[BlackTeamCountry "GER"]

1. c4 g6 2. Nc3 Bg7 3. g3 e5 4. Bg2 d6 5. e3 f5 6. Nge2 Nf6 7. 0-0 0-0 8. b4 c6 9. b5 Be6 10. Qa4 Nbd7 11. bxc6 Nb6 12. cxb7 Rb8 13. Qxa7 Bxc4 14. a4 e4 15. a5 Nbd5 16. Rd1 Qc7 17. Rb1 Bd3 18. Rb2 Nxc3 19. Nxc3 Nd7 20. a6 Nc5 21. Bf1 Qa5 22. Bxd3 exd3 23. Ra2 Qc7 24. Nd5 Qf7 25. Nb4 Nxb7 26. Nc6 Qxa2 27. Nxb8 Nc5 28. Qb6 Be5 29. a7 Qd5 30. Nc6 Kh8 31. Qb8 Kg7 32. Qxf8+ Kxf8 33. a8Q+ Kg7 34. Qa7+ Kh6 35. Nxe5 dxe5 36. Qa1 Nd7 37. Bb2 Qe4 38. h3 Qf3 39. Rc1 f4 40. Bxe5 fxg3 41. Bxg3 Nf6 42. Bf4+ 1-0

[Event "Regionalliga NO 0001"]
[Site "Bayern"]
[Date "2000.10.15"]
[Round "1.4"]
[White "Heumann, Joern"]
[Black "Polzer, Hans"]
[Result "0-1"]
[WhiteElo "2050"]
[BlackElo "2115"]
[PlyCount "80"]
[EventDate "2000.10.15"]
[EventType "team-tourn"]
[EventRounds "9"]
[EventCountry "GER"]
[SourceTitle "EXT 2020"]
[Source "ChessBase"]
[SourceDate "2019.10.17"]
[SourceVersion "1"]
[SourceVersionDate "2019.10.17"]
[SourceQuality "1"]
[WhiteTeam "Regensburg Fortuna II"]
[BlackTeam "Cham"]
[WhiteTeamCountry "GER"]
[BlackTeamCountry "GER"]

1. d4 Nf6 2. Nf3 c5 3. d5 e6 4. c4 exd5 5. cxd5 Bd6 6. Nc3 Bc7 7. e4 d6 8. h3 a6 9. a4 0-0 10. Bd3 Re8 11. 0-0 Nbd7 12. Re1 Nf8 13. Bd2 Bd7 14. Rb1 Ng6 15. b4 b6 16. Qc2 Nh5 17. Bg5 Qc8 18. Qd2 Bd8 19. Be3 f5 20. exf5 Bxf5 21. bxc5 bxc5 22. Bg5 Rxe1+ 23. Rxe1 Ba5 24. Qc2 Bxd3 25. Qxd3 Nhf4 26. Qc4 Qf5 27. Re3 Bxc3 28. Rxc3 h6 29. Bxf4 Nxf4 30. Re3 Rf8 31. Kh2 a5 32. Kg1 Kh8 33. Nh4 Qg5 34. g3 Nxh3+ 35. Kg2 Nxf2 36. Re2 Ng4 37. Qe4 Rf6 38. Nf3 Qf5 39. Qe8+ Kh7 40. Nh4 Qf1# 0-1

[Event "Regionalliga NO 9900"]
[Site "Bayern"]
[Date "2000.??.??"]
[Round "7.4"]
[White "Schurig, Wilhelm"]
[Black "Polzer, Hans"]
[Result "0-1"]
[WhiteElo "2070"]
[BlackElo "2135"]
[PlyCount "38"]
[EventDate "1999.??.??"]
[EventType "team-tourn"]
[EventRounds "9"]
[EventCountry "GER"]
[SourceTitle "EXT 2020"]
[Source "ChessBase"]
[SourceDate "2019.10.17"]
[SourceVersion "1"]
[SourceVersionDate "2019.10.17"]
[SourceQuality "1"]
[WhiteTeam "Weiden"]
[BlackTeam "Cham"]
[WhiteTeamCountry "GER"]
[BlackTeamCountry "GER"]

1. Nf3 Nf6 2. g3 b5 3. Bg2 Bb7 4. 0-0 e6 5. d3 Be7 6. c3 c5 7. Qb3 Qb6 8. Bg5 h6 9. Bxf6 Bxf6 10. Nfd2 Bxg2 11. Kxg2 0-0 12. a4 b4 13. cxb4 cxb4 14. Nc4 Qb7+ 15. Kg1 d5 16. Ne3 Nc6 17. Rc1 Na5 18. Qc2 Rac8 19. Qd2 Rxc1+ 0-1